Paroles - Michel Delpech - Quand j'étais chanteur - Statistiques

Statistiques générales
  • Ce quiz a été pris 550 fois
  • Le résultat moyen est 153 sur 191
Statistiques - réponses
Réponse % Correct
à
99%
a
99%
Je
99%
Ma
99%
ma
99%
de
98%
Quand
98%
quand
98%
chanteur
97%
J'ai
97%
j'ai
97%
j'étais
97%
Un
96%
un
96%
ans
95%
Et
95%
la
95%
Cécile
94%
me
94%
pauvre
94%
soixante
94%
une
94%
Une
94%
mon
93%
qui
93%
treize
93%
Les
91%
les
91%
vie
91%
dans
90%
des
90%
rhumatisme
88%
moi
87%
fais
86%
femme
86%
devient
84%
gênant
84%
J'avais
84%
que
84%
fan
83%
par
83%
tout
83%
baby-sitter
82%
soir
82%
chaise
81%
d'la
81%
jamais
81%
longue
81%
sur
81%
ceinturon
80%
club
80%
est
80%
fait
80%
gens
80%
Mercedes
80%
dingue
79%
chemise
77%
gros
77%
mes
77%
excès
76%
médaillon
76%
moins
76%
ouverte
76%
planquée
76%
police
76%
Elle
75%
kermesse
75%
mort
75%
reconnaissaient
75%
ça
74%
ça
74%
d'vitesse
74%
Saint
74%
jambe
73%
l'Indre
73%
Mais
73%
Mick
73%
payais
72%
y
72%
y
72%
appris
71%
il
71%
il
71%
plus
71%
s'est
71%
Sylvie
71%
traînais
71%
C'était
70%
Georges
70%
Jagger
70%
J'les
70%
Pour
70%
adieux
69%
atout
69%
dernièrement
69%
grand
69%
majeur
69%
chose
68%
même
68%
Vartan
68%
jeter
67%
aujourd'hui
66%
aujourdhui
66%
j'aime
66%
choses
65%
J'faisais
65%
longtemps
64%
sourire
64%
blanches
63%
distrait
63%
fini
63%
boots
62%
tous
62%
fêté
61%
On
61%
comme
60%
qu'c'est
59%
J'comprends
58%
j'entends
58%
Toutes
57%
m'attendait
56%
l'heure
55%
bête
54%
écarts
48%
m'éclatais
47%
m'pardonnait
46%
histoires
45%
s'arrangeaient
42%
Aucun quiz correspondant
Distribution des résultats
% des personnes avec chaque résultat
Percentile par nombre de réponses
Votre historique - résultats
Vous n’avez pas pris ce quiz